| 000 | 01014nam0a22002891 4500 | ||
|---|---|---|---|
| 001 | rc\2917805 | ||
| 005 | 20250529223817.0 | ||
| 035 | _a(NLR Aleph) 007068125 | ||
| 090 |
_a6353094 _c6353094 |
||
| 100 | _a20050321d1939 |||y0rusy50 ca | ||
| 101 | 0 | _arus | |
| 102 | _aRU | ||
| 105 | _aa z ||||y | ||
| 200 | 1 | _aЛитературный календарь. 1939 | |
| 210 |
_aЛенинград _cГослитиздат _d[1939] |
||
| 215 |
_a148 с. _cил. _d18х24 см |
||
| 300 | _aНа с. 148 указаны составители: Ш. Левин, М. Рожкова и Б. Кочаков | ||
| 702 | 1 |
_aЛевин _bШ.М. _gШнеер Менделевич _4220 |
|
| 702 | 1 |
_aРожкова _bМ. _4220 |
|
| 702 | 1 |
_4220 _7ca _8rus _aКочаков _bБ. М. _f1906-1965 _gБорис Михайлович _9227071 _3RU\NLR\AUTH\770227127 |
|
| 801 | 0 |
_aRU _bNLR _gpsbo |
|
| 801 | 1 |
_aRU _bELAR _2rusmarc |
|
| 852 |
_aNLR _j39-4/49 |
||
| 852 |
_aNLR _bс _j931-120/Л-64 |
||
| 942 | _cBOOK | ||
| 980 | _aNB | ||